It looks like you're offline.
Open Library logo
additional options menu

MARC record from Internet Archive

LEADER: 00763cam 2200265Ia 4500
001 ocm29046599
003 OCoLC
005 20181028214603.0
008 931019s1993 nyu 000 1 eng d
040 $aIMD$beng$cIMD$dBTCTA$dCUY$dOCLCQ
020 $a0440213746$q(pbk.)
020 $a9780440213741$q(pbk.)
035 $a(OCoLC)29046599
050 4 $aPS3552.L855$bX2 1993
082 4 $aFIC
100 1 $aBlumlein, Michael.
245 10 $aX, Y /$cMichael Blumlein.
260 $aNew York :$bDell,$c1993.
300 $a340 pages ;$c18 cm
336 $atext$btxt$2rdacontent
337 $aunmediated$bn$2rdamedia
338 $avolume$bnc$2rdacarrier
938 $aBaker and Taylor$bBTCP$nbl 99743662
994 $aZ0$bP4A
948 $hNO HOLDINGS IN P4A - 21 OTHER HOLDINGS